000 00443nam a2200157Ia 4500
008 210716s2019 xx 000 0 und d
020 _a9788126579914
041 _aeng
082 _a006.312 ROSS
100 _aRose, S Lovelyn Rose; Kumar, L Ashok; Renuka, D Karthika.
245 _aDeep learning using python.
250 _a1
260 _aNew Delhi
_bWiley India Pvt Ltd
_c2019
300 _axvii,190
650 _aNeural Networks(006.32)
999 _c197236
_d197236